000
00321nam a22001457a 4500
008
210517b ||||| |||| 00| 0 eng d
020
_a
0195033140
041
_a
eng
080
_a
2
082
_a
2
100
_a
24
101
_a
TEO
245
_a
Mysticism and Religious Traditions
_c
Steven T. Katz
942
_2
udc
_c
BK
999
_c
57371
_d
57371